[Event "II Oliver Gonzalez Memorial"]
[Site "Madrid ESP"]
[Date "2011.10.09"]
[Round "2.50"]
[White "Gonzalez Lopez,Sergio"]
[Black "Paredes Mancha,A"]
[Result "0-1"]
[WhiteElo "1815"]
[BlackElo "2027"]

1.c4 Nf6 2.Nf3 e6 3.Nc3 c5 4.d4 a6 5.d5 exd5 6.cxd5 d6 7.Bg5 g6 8.e4 Nbd7
9.Bd3 Bg7 10.O-O O-O 11.Qd2 b5 12.a3 c4 13.Bc2 Re8 14.Rfe1 Qc7 15.Rac1 Nc5
16.Bf4 Nh5 17.Bh6 Bh8 18.Nd4 Bb7 19.f3 Nd3 20.g4 Nxe1 21.Rxe1 Nf6 22.Kf1 Nd7
23.h4 Ne5 24.h5 Qd8 25.g5 Qd7 26.Kg2 Bc8 27.Rh1 Rb8 28.Nce2 Qc7 29.f4 Ng4
30.hxg6 fxg6 31.f5 Nxh6 32.gxh6 Be5 33.Nc6 Rb7 34.fxg6 hxg6 35.Qg5 Kh7 36.Rf1 Qd7
37.Nxe5 Qh3+ 38.Kg1 Rxe5  0-1

[Event "TCh-MNE 1st League"]
[Site "Tivat MNE"]
[Date "2011.10.09"]
[Round "2.2"]
[White "Nikcevic,N"]
[Black "Vuckovic,Bo"]
[Result "1/2-1/2"]
[WhiteElo "2412"]
[BlackElo "2623"]

1.Nf3 Nf6 2.c4 c5 3.Nc3 e6 4.g3 b6 5.Bg2 Bb7 6.O-O a6 7.b3 d6 8.Bb2 Be7 9.e3 O-O
10.Qe2 Nbd7 11.Rfd1 Re8 12.Rac1 b5 13.d3 Qb6 14.e4 Bc6 15.e5 dxe5 16.Nxe5 Nxe5
17.Qxe5 Bxg2 18.Kxg2 Bf8 19.Ne4 Nd7 20.Qh5 h6 21.d4 Rac8 22.f3 bxc4 23.Rxc4 cxd4
24.Rdxd4 Rxc4 25.Rxc4 Qe3 26.Rc2 Nb6 27.Rc7 Qe2+ 28.Kg1 Qe1+ 29.Kg2 Qe2+
30.Kg1 Qe1+ 31.Kg2  1/2-1/2

[Event "TCh-ROU Superliga 2011"]
[Site "Brasov ROU"]
[Date "2011.10.10"]
[Round "3.5"]
[White "Suba,M"]
[Black "Milu,R"]
[Result "1/2-1/2"]
[WhiteElo "2471"]
[BlackElo "2421"]

1.c4 c5 2.Nf3 Nf6 3.Nc3 e6 4.d4 cxd4 5.Nxd4 a6 6.Bg5 h6 7.Bxf6 Qxf6 8.e3 Qd8
9.Be2 Qc7 10.O-O b6 11.Bf3 Bb7 12.Rc1 Be7 13.Nd5 exd5 14.cxd5 Qe5  1/2-1/2

[Event "49th ch-IND NatA"]
[Site "Aurangabad IND"]
[Date "2011.10.11"]
[Round "3"]
[White "Laxman,R"]
[Black "Padmini,R"]
[Result "1-0"]
[WhiteElo "2451"]
[BlackElo "2356"]

1.Nf3 c5 2.c4 Nf6 3.Nc3 d5 4.cxd5 Nxd5 5.g3 Nc6 6.Bg2 Nc7 7.d3 e5 8.O-O Be7
9.Nd2 Bd7 10.Nc4 f6 11.f4 exf4 12.Bxf4 Ne6 13.Nd6+ Bxd6 14.Bxd6 Bc8 15.Ne4 Kf7
16.e3 Re8 17.b4 Nxb4 18.d4 Kg8 19.d5 Ng5 20.Nxg5 Qxd6 21.Qh5 Bf5 22.Qf7+ Kh8
23.Qxe8+  1-0

[Event "49th ch-IND NatA"]
[Site "Aurangabad IND"]
[Date "2011.10.12"]
[Round "4"]
[White "Deshmukh,A"]
[Black "Konguvel,P"]
[Result "1-0"]
[WhiteElo "2312"]
[BlackElo "2384"]

1.c4 Nf6 2.Nc3 c5 3.Nf3 e6 4.g3 d5 5.cxd5 exd5 6.d4 Nc6 7.Bg2 Be7 8.O-O O-O
9.dxc5 Bxc5 10.Bg5 d4 11.Bxf6 Qxf6 12.Nd5 Qd8 13.Nd2 Re8 14.Rc1 Bb6 15.Nf4 Bc7
16.Nd3 Be6 17.Nc5 Bc8 18.Nxb7 Bxb7 19.Bxc6 Bxc6 20.Rxc6 Bb6 21.Nc4 Qd5 22.Qa4 d3
23.Rd6 Qf5 24.Rxd3 Bc5 25.Qd1 Qh3 26.e3 g6 27.Qf3 Rab8 28.Rfd1 Qe6 29.b3 Bb4
30.Rd5 Bc3 31.Kg2 Rf8 32.h4 h5 33.Rd6 Qc8 34.Rc6 Qe8 35.Nd6 Qe5 36.Ne4 Bb2
37.Nf6+ Kg7 38.Nd7  1-0

[Event "Belgrade Premier League 2011"]
[Site "Belgrade SRB"]
[Date "2011.10.12"]
[Round "11.4"]
[White "Nenezic,M"]
[Black "Jovanovic,SM"]
[Result "1-0"]
[WhiteElo "2339"]
[BlackElo "2266"]

1.Nf3 Nf6 2.c4 g6 3.Nc3 c5 4.e4 Nc6 5.d4 cxd4 6.Nxd4 Bg7 7.Be3 Qa5 8.Nb3 Qc7
9.Rc1 O-O 10.Be2 d6 11.O-O b6 12.f3 Be6 13.Nd5 Qb7 14.Bg5 Bxd5 15.cxd5 Ne5
16.Nd4 Rac8 17.Qa4 Rxc1 18.Rxc1 h6 19.Be3 a5 20.Nc6 Nxc6 21.Qxc6 Rb8 22.Bb5 Qa7
23.Qc7 Rb7 24.Qd8+ Kh7 25.Rc8 g5 26.Ra8 Rd7 27.Bxd7 Qxd7 28.Qxd7 Nxd7 29.Ra7 Nc5
30.Bxc5 bxc5 31.b3 c4 32.Rxe7 c3 33.Kf1 Kg6 34.Ke2 h5 35.Kd3 h4 36.a3 Kf6
37.Rd7  1-0

[Event "TCh-MNE 1st League"]
[Site "Tivat MNE"]
[Date "2011.10.13"]
[Round "6.5"]
[White "Pajkovic,V"]
[Black "Potpara,N"]
[Result "1-0"]
[WhiteElo "2417"]
[BlackElo "2181"]

1.Nf3 Nf6 2.c4 c5 3.Nc3 b6 4.g3 Bb7 5.Bg2 e6 6.O-O Be7 7.d4 cxd4 8.Qxd4 d6
9.Bg5 a6 10.Bxf6 Bxf6 11.Qf4 O-O 12.Rfd1 Be7 13.Ne4 Bxe4 14.Qxe4 Ra7 15.Nd4 Rc7
16.b3 Re8 17.a4 Rc5 18.Qb1 Qc8 19.Ra2 Nd7 20.Rc2 h5 21.h3 Rd8 22.Qa2 a5 23.Rcd2 h4
24.g4 Nf6 25.Nc2 Ne8 26.Ne1 Rc7 27.Nd3 Nf6 28.Nf4 Nd7 29.e3 Nc5 30.Qb1 Rf8
31.Ne2 Qb8 32.Nd4 Rfc8 33.f4 Re8 34.Nf3 d5 35.Ng5 g6 36.cxd5 exd5 37.Bxd5 Kg7
38.e4 Rd8 39.Qb2+ f6 40.Nf3 Rcd7 41.e5 Kh7 42.Qc2  1-0

[Event "Chigorin Memorial Open"]
[Site "St Petersburg RUS"]
[Date "2011.10.14"]
[Round "1.17"]
[White "Goryachkina,A"]
[Black "Dvoirys,S"]
[Result "0-1"]
[WhiteElo "2248"]
[BlackElo "2598"]

1.Nf3 c5 2.c4 Nf6 3.Nc3 e6 4.g3 b6 5.Bg2 Bb7 6.O-O Be7 7.d4 cxd4 8.Qxd4 O-O
9.Bg5 Nc6 10.Qd3 d5 11.cxd5 Nb4 12.Qb1 Nbxd5 13.Nxd5 Nxd5 14.Bxe7 Qxe7 15.e4 Nf6
16.e5 Nd7 17.Ng5 Qxg5 18.Bxb7 Rad8 19.f4 Qe7 20.Be4 f5 21.Bf3 g5 22.b4 gxf4
23.gxf4 Qh4 24.Bg2 Kh8 25.Qb3 Qh6 26.Rad1 Rg8 27.Rd6 Rg6 28.Kh1 Rdg8 29.Bc6 Nf8
30.Rd3 Qxf4 31.Qd1 Qxb4 32.Qf3 Qb2 33.Re3 Qxa2 34.Ra3 Qb2 35.Rxa7 Qxe5 36.Be8 Rg2
37.Qxg2 Rxg2 38.Kxg2 Qb8  0-1

[Event "III Curitiba ITT"]
[Site "Curitiba BRA"]
[Date "2011.10.15"]
[Round "3"]
[White "Santiago,Y"]
[Black "Blit,J"]
[Result "1-0"]
[WhiteElo "2314"]
[BlackElo "2299"]

1.Nf3 Nf6 2.c4 c5 3.Nc3 e6 4.e3 Be7 5.Be2 O-O 6.O-O Nc6 7.d4 cxd4 8.Nxd4 d5
9.cxd5 exd5 10.b3 Qa5 11.Bb2 Ba3 12.Bxa3 Qxa3 13.Ncb5 Qa5 14.a3 Bd7 15.b4 Qb6
16.Nxc6 bxc6 17.Nd4 a5 18.Rb1 axb4 19.axb4 Ra2 20.Bd3 Rfa8 21.Bc2 Rb8 22.h3 Ra7
23.Qd2 Qc7 24.Nb3 Qe5 25.Nc5 Be8 26.Rfe1 Ra3 27.Rbc1 Nd7 28.e4 Nxc5 29.exd5 Qxd5
30.Qf4 Rba8 31.bxc5 f6 32.Be4 Qg5 33.Qd6 R3a6 34.Bd3 R6a7 35.Bc4+ Kh8 36.Qf8+  1-0

[Event "Chigorin Memorial Open"]
[Site "St Petersburg RUS"]
[Date "2011.10.15"]
[Round "2.59"]
[White "Papin,V"]
[Black "Paravyan,D"]
[Result "1-0"]
[WhiteElo "2583"]
[BlackElo "2192"]

1.Nf3 Nf6 2.c4 c5 3.Nc3 d5 4.cxd5 Nxd5 5.g3 Nc6 6.Bg2 Nc7 7.d3 e5 8.O-O Be7
9.Be3 f6 10.Rc1 Be6 11.Nd2 Qd7 12.Qa4 f5 13.Nc4 Bxc4 14.Qxc4 Nd4 15.Bxd4 exd4
16.Nd5 Nxd5 17.Bxd5 Rf8 18.b4 b5 19.Qb3 Rd8 20.Bf3 Rc8 21.bxc5 Bxc5 22.Rc2 Ke7
23.Rfc1 Bd6 24.Bc6 Qc7 25.Be8  1-0

[Event "II Oliver Gonzalez Memorial"]
[Site "Madrid ESP"]
[Date "2011.10.16"]
[Round "9.9"]
[White "Alcazar Jimenez,J"]
[Black "Roa Alonso,S"]
[Result "0-1"]
[WhiteElo "2294"]
[BlackElo "2420"]

1.c4 c5 2.Nf3 Nf6 3.Nc3 e6 4.g3 b6 5.Bg2 Bb7 6.O-O a6 7.b3 d6 8.Bb2 Be7 9.Rc1 O-O
10.h3 b5 11.Qc2 Nc6 12.Nd1 h6 13.Ne3 Rc8 14.Qb1 Qb6 15.Rfd1 Rfd8 16.d4 cxd4
17.Nxd4 Ne5 18.Bxb7 Qxb7 19.c5 dxc5 20.Nxe6 Nf3+ 21.exf3 fxe6 22.Kg2 Rf8
23.Qg6 Rf7 24.Rd3 Rcf8 25.Ng4 Nxg4 26.Qxg4 c4 27.Re3 Bg5 28.Re4 Bxc1 29.Bxc1 Rxf3
30.Qxe6+ Qf7 31.Bf4 Qxe6 32.Rxe6 R3xf4 33.gxf4 c3 34.Rc6 b4 35.a3 a5 36.axb4 axb4
37.Rc4 Kh7 38.Kf1 Re8 39.f3 Kg6 40.Kf2 Kf6 41.Kg3 Ke6 42.Kg4 Kd7 43.Kf5 Rc8
44.Rd4+ Ke7 45.Rd1 Rc6 46.h4 g6+ 47.Kg4 Rc5 48.Kg3 Kf6 49.Kf2 Kf5 50.Ke3 c2  0-1

[Event "Chigorin Memorial Open"]
[Site "St Petersburg RUS"]
[Date "2011.10.16"]
[Round "3.76"]
[White "Ageichenko,G"]
[Black "Kopasov,E"]
[Result "1-0"]
[WhiteElo "2343"]
[BlackElo "2059"]

1.c4 c5 2.Nf3 Nf6 3.Nc3 e6 4.g3 b6 5.Bg2 Bb7 6.O-O Be7 7.Re1 O-O 8.e4 d6
9.b3 Nbd7 10.Bb2 a6 11.d4 cxd4 12.Nxd4 Rc8 13.e5 dxe5 14.Bxb7 exd4 15.Qxd4 Nc5
16.Qxd8 Rcxd8 17.Ba3 Rd2 18.Bf3 Rfd8 19.Rad1 Rc2 20.Rxd8+ Bxd8 21.Rc1 Rxc1+
22.Bxc1 Bc7 23.Kf1 Kf8 24.Ke2 Ke7 25.Ba3 Kd7 26.b4 Be5 27.bxc5 Bxc3 28.cxb6 Kc8
29.b7+  1-0

[Event "Chigorin Memorial Open"]
[Site "St Petersburg RUS"]
[Date "2011.10.21"]
[Round "8.23"]
[White "Papin,V"]
[Black "Kopylov,Al2"]
[Result "1/2-1/2"]
[WhiteElo "2583"]
[BlackElo "2444"]

1.c4 Nf6 2.Nf3 c5 3.Nc3 e6 4.g3 b6 5.e4 Bb7 6.Qe2 Nc6 7.Bg2 d6 8.O-O Be7
9.Rd1 e5 10.a3 O-O 11.b4 Re8 12.d3 cxb4 13.axb4 Nxb4 14.d4 Qb8 15.Ba3 Nc6
16.Nb5 h6 17.Rab1 Na5 18.Nh4 a6 19.dxe5 Nxe4 20.Bxe4 axb5 21.Nf5 Nxc4 22.Bxb7 Qxb7
23.Bxd6 Bxd6 24.Nxd6 Nxd6 25.Rxd6 Qe7 26.Rxb6 Qxe5 27.Qxe5 Rxe5 28.R6xb5 Rxb5
29.Rxb5 g6 30.h4 h5 31.Kg2 Kg7 32.Rc5 Ra7 33.Rb5 Ra8 34.Rc5 Ra7 35.Rb5 Ra8
36.Rc5 Ra7  1/2-1/2

[Event "TCh-SVK Extraliga 2011-12"]
[Site "Slovakia SVK"]
[Date "2011.10.22"]
[Round "1"]
[White "Krak,T"]
[Black "Zagrapan,P"]
[Result "1-0"]
[WhiteElo "2282"]
[BlackElo "2139"]

1.Nf3 Nf6 2.c4 c5 3.Nc3 e6 4.g3 b6 5.Bg2 Bb7 6.O-O Be7 7.d4 cxd4 8.Qxd4 d6
9.Rd1 a6 10.Bg5 Nbd7 11.Rac1 O-O 12.Bxf6 Nxf6 13.e4 Qc7 14.e5 dxe5 15.Qxe5 Rac8
16.Qxc7 Rxc7 17.Ne5 Bxg2 18.Kxg2 h6 19.Rd3 b5 20.b3 bxc4 21.Nxc4 Bb4 22.Na4 Nd5
23.Rcd1 Rb8 24.f4 f6 25.f5 Re7 26.fxe6 Nc7 27.a3  1-0

[Event "Chigorin Memorial Open"]
[Site "St Petersburg RUS"]
[Date "2011.10.22"]
[Round "9.13"]
[White "Ionov,S"]
[Black "Dvoirys,S"]
[Result "1-0"]
[WhiteElo "2540"]
[BlackElo "2598"]

1.Nf3 c5 2.c4 Nf6 3.Nc3 e6 4.g3 b6 5.Bg2 Bb7 6.O-O Be7 7.Re1 Nc6 8.e4 O-O
9.d4 cxd4 10.Nxd4 Rc8 11.Nxc6 Bxc6 12.Bf4 d6 13.Qe2 Ne8 14.Rad1 Bg5 15.Bxg5 Qxg5
16.Qe3 Qe7 17.Rd4 e5 18.Rd3 f5 19.Qd2 f4 20.b3 Qg5 21.Bh3 Rc7 22.f3 Kh8 23.Qg2 Rcf7
24.Red1 Qh6 25.Bf5 fxg3 26.hxg3 Qg5 27.a4 g6 28.Be6 Rf6 29.Bh3 Ng7 30.Kh2 Ne6
31.Bxe6 Rxe6 32.Qd2 Qe7 33.Kg2 Qf7 34.Qg5 Rf6 35.Rf1 Qe6 36.Nd5 R6f7 37.Qd2 Bxd5
38.Rxd5 Rf6 39.Qe3 Qf7 40.a5 Qc7 41.axb6 axb6 42.Rb5 Rb8 43.Rf2 Qa7 44.Rd2 Kg8
45.Rbd5 Qa3 46.Qd3 Rbf8 47.Rxd6 Rxf3 48.Qd5+ R3f7 49.Rxb6 Qa1 50.Rf2 Kg7
51.Rb7  1-0

[Event "29th Muensterland Open"]
[Site "Senden GER"]
[Date "2011.10.23"]
[Round "3.6"]
[White "Chilla,J"]
[Black "Schulze,U"]
[Result "0-1"]
[WhiteElo "2134"]
[BlackElo "2323"]

1.Nf3 Nf6 2.c4 c5 3.Nc3 g6 4.g3 Bg7 5.Bg2 Nc6 6.O-O O-O 7.d3 a6 8.Rb1 Rb8
9.a3 b5 10.cxb5 axb5 11.b4 cxb4 12.axb4 d6 13.Ne1 Qc7 14.Bd2 Be6 15.Nc2 Rfc8
16.Na3 Nd4 17.e3 Qa7 18.exd4 Qxa3 19.d5 Bg4 20.Qb3 Qxb3 21.Rxb3 Bf5 22.Re1 Kf8
23.Bf1 Ng4 24.f4 Bd4+ 25.Kg2 Nf2 26.Nd1 Bh3+ 27.Kf3 Bg4+  0-1

[Event "TCh-SVK Extraliga 2011-12"]
[Site "Slovakia SVK"]
[Date "2011.10.23"]
[Round "2"]
[White "Markos,J"]
[Black "Ponizil,C"]
[Result "1-0"]
[WhiteElo "2596"]
[BlackElo "2398"]

1.Nf3 Nf6 2.c4 c5 3.Nc3 b6 4.e3 Bb7 5.d4 cxd4 6.exd4 e6 7.Bd3 d5 8.cxd5 Nxd5
9.Qe2 Be7 10.O-O Nd7 11.Bd2 Nb4 12.Bc4 O-O 13.Rad1 Nf6 14.Ne5 Rc8 15.Nxf7 Rxf7
16.Bxe6 Ba6 17.Nb5 Rc2 18.Rc1 Rxd2 19.Qxd2 Bxb5 20.Rc8 Qxc8 21.Bxc8 Bxf1
22.Kxf1 Ne4 23.Qe3 Nxf2 24.Be6 Ng4+ 25.Qf4 Nh6 26.a3  1-0

[Event "33rd Arco Open"]
[Site "Arco ITA"]
[Date "2011.10.24"]
[Round "3"]
[White "Nicolodi,R"]
[Black "Medancic,R"]
[Result "0-1"]
[WhiteElo "1983"]
[BlackElo "2266"]

1.Nf3 Nf6 2.c4 c5 3.Nc3 b6 4.g3 Bb7 5.Bg2 e6 6.O-O Be7 7.Re1 a6 8.e4 d6 9.d4 cxd4
10.Nxd4 Qc7 11.b3 O-O 12.Ba3 Nbd7 13.Qc2 Rac8 14.Rad1 Rfe8 15.Bb2 Qb8 16.f4 Bf8
17.Qf2 Ba8 18.h3 e5 19.Nf5 b5 20.cxb5 axb5 21.Nd5 Nxd5 22.exd5 g6 23.Ne3 Bg7
24.f5 Qa7 25.Ba1 Rf8 26.g4 Bh6 27.h4 Bxe3 28.Rxe3 Nf6 29.Bf3 Bxd5 30.Bxd5 Nxg4
31.Qg3 Qxe3+  0-1

[Event "26th Le Touquet Open"]
[Site "Le Touquet FRA"]
[Date "2011.10.25"]
[Round "5.8"]
[White "Payen,Ar"]
[Black "Jaulin,P"]
[Result "1-0"]
[WhiteElo "2341"]
[BlackElo "2162"]

1.Nf3 Nf6 2.c4 c5 3.Nc3 e6 4.g3 b6 5.Bg2 Bb7 6.O-O Be7 7.d4 cxd4 8.Qxd4 d6
9.b3 O-O 10.Rd1 Nc6 11.Qf4 Qb8 12.Bb2 a6 13.h3 Qa7 14.e4 Rab8 15.Qe3 Ba8
16.Ne1 b5 17.Qxa7 Nxa7 18.cxb5 axb5 19.b4 Rfd8 20.Nc2 Rbc8 21.Nd4 Rc4 22.a3 Nxe4
23.Nxe4 Bxe4 24.Bxe4 e5 25.Nf5 Rxe4 26.Nxe7+ Kf8 27.Nd5  1-0

[Event "Chinese League"]
[Site "Qingdao CHN"]
[Date "2011.10.28"]
[Round "15"]
[White "Xu Jun"]
[Black "Li Chao2"]
[Result "1/2-1/2"]
[WhiteElo "2486"]
[BlackElo "2646"]

1.Nf3 Nf6 2.c4 c5 3.Nc3 d5 4.cxd5 Nxd5 5.g3 Nxc3 6.bxc3 g6 7.Qa4+ Nd7 8.Bg2 Bg7
9.O-O O-O 10.Rb1 Nb6 11.Qa5 Bf5 12.Rb5 c4 13.Nd4 Bd7 14.Rc5 e5 15.Nb5 e4
16.Nd6 Bg4 17.Nxe4 Bxe2 18.Re1 Bd3 19.Rb5 Re8 20.Re3 a6 21.Rb2 Nd7 22.Qxd8 Raxd8
23.Nd6 Rxe3 24.fxe3 b5 25.Nb7 Rb8 26.a4 bxa4 27.Ra2 Bf8 28.Rxa4 Nc5 29.Nxc5 Bxc5
30.Kf2 Rb1 31.Ra5 Bf8 32.Ba3 Rd1 33.Bxf8 Rxd2+ 34.Kg1 Rd1+ 35.Kf2 Rd2+ 36.Kg1 Kxf8
37.Rxa6 Rd1+ 38.Kf2 Rd2+ 39.Kg1 Rc2 40.Ra3 Rc1+ 41.Kf2 Rc2+ 42.Kg1 f5 43.Bc6 Rc1+
44.Kf2 Rc2+ 45.Kf3 g5 46.g4 Be2+ 47.Kg3 fxg4 48.Be4 Rb2 49.Ra8+ Ke7 50.Ra7+ Ke6
51.Rxh7 Rb3 52.Kf2 Bd1 53.Rg7 Rb2+ 54.Kg3 Re2 55.Rxg5 Rxe3+ 56.Kf4 Rxc3 57.Re5+ Kf6
58.Rf5+  1/2-1/2

[Event "8th Lippe Cup"]
[Site "Lieme GER"]
[Date "2011.10.30"]
[Round "5.8"]
[White "Schalow,D"]
[Black "Soelter,R"]
[Result "1/2-1/2"]
[WhiteElo "2128"]
[BlackElo "2072"]

1.c4 c5 2.Nf3 Nf6 3.Nc3 d5 4.cxd5 Nxd5 5.g3 Nc6 6.Bg2 Nc7 7.O-O e5 8.d3 Be7
9.Be3 O-O 10.Nd2 Bg4 11.Nb3 Ne6 12.h3 Bh5 13.Nd5 Bd6 14.Rc1 Ncd4 15.Nc3 Rb8
16.g4 Bg6 17.Ne4 b6 18.Nxd6 Qxd6 19.Nd2 Rbd8 20.Nc4 Qb8 21.Bxd4 Rxd4 22.Rc3 e4
23.f4 f5 24.e3 Rxd3 25.Rxd3 exd3 26.Bd5 Re8 27.Ne5 fxg4 28.Nxg6 hxg6 29.hxg4 Qd6
30.Qxd3 Kf8 31.Qb3 Nc7 32.Bg2 Qd2 33.e4 Rd8 34.Qh3 Qxb2 35.f5 Qd4+ 36.Kh1 g5
37.Bf3 Qe5 38.Qg2 Rd6 39.Rd1 Rxd1+ 40.Bxd1 Nb5 41.Bf3 Nd4 42.Qh3 c4 43.Bg2 b5
44.Qh8+ Ke7 45.Qc8 Qd6 46.e5 Qxe5 47.Qb7+ Kd8  1/2-1/2

[Event "6th Deizisau Herbstopen"]
[Site "Deizisau GER"]
[Date "2011.10.31"]
[Round "5.5"]
[White "Holzinger,E"]
[Black "Zeller,F"]
[Result "0-1"]
[WhiteElo "2115"]
[BlackElo "2402"]

1.Nf3 Nf6 2.c4 c5 3.Nc3 e6 4.e4 Nc6 5.d3 d5 6.e5 d4 7.Nb5 Nd7 8.Bf4 a6 9.Na3 Qc7
10.Qe2 f6 11.Bg3 fxe5 12.O-O-O Bd6 13.Re1 O-O 14.h4 Rb8 15.Bh2 b5 16.g4 Nb4
17.Ng5 Qb7 18.Qe4 Qxe4 19.Nxe4 Bb7 20.cxb5 axb5 21.Nxb5 Bxe4 22.dxe4 Rxf2
23.Bg1 Rxf1  0-1

[Event "World Youth U16 Ol"]
[Site "Kocaeli TUR"]
[Date "2011.10.31"]
[Round "10.19"]
[White "Stepanyan,Henrik"]
[Black "Ahmed,Fareed"]
[Result "1-0"]
[WhiteElo "1956"]
[BlackElo "1711"]

1.c4 Nf6 2.Nc3 e6 3.Nf3 c5 4.e3 b6 5.d4 Bb7 6.Bd3 cxd4 7.exd4 d6 8.O-O Be7
9.Bc2 Nbd7 10.Qd3 O-O 11.Re1 Re8 12.Ng5 g6 13.Qh3 Bf8 14.Nce4 d5 15.Nd2 Nh5
16.Nf1 dxc4 17.Nxh7 Bg7 18.Be3 Nf8 19.Ng5 b5 20.Ng3 Nf6 21.N5e4 Nd5 22.Bg5 Qb6
23.Rad1 Bxd4 24.Qh4 Nh7 25.Rxd4 Qxd4 26.Nf6+ Qxf6 27.Bxf6 Nhxf6 28.Qg5 Nh7
29.Qh6 Nf8 30.h4 Nb4 31.Be4 Bc8  1-0

[Event "19th Skopje Open"]
[Site "Skopje MKD"]
[Date "2011.10.31"]
[Round "8"]
[White "Georgiev,Vl"]
[Black "Milanovic,Da"]
[Result "1/2-1/2"]
[WhiteElo "2574"]
[BlackElo "2516"]

1.c4 Nf6 2.Nc3 c5 3.Nf3 g6 4.d4 cxd4 5.Nxd4 Bg7 6.e4 d6 7.Be2 O-O 8.Be3 Nc6
9.O-O Nxd4 10.Bxd4 Bd7 11.Qd2  1/2-1/2

[Event "19th Skopje Open"]
[Site "Skopje MKD"]
[Date "2011.11.01"]
[Round "9"]
[White "Dancevski,O"]
[Black "Stojanovski,D"]
[Result "1/2-1/2"]
[WhiteElo "2398"]
[BlackElo "2427"]

1.c4 c5 2.Nc3 Nf6 3.Nf3 g6 4.d4 cxd4 5.Nxd4 Nc6 6.e4 d6 7.Be2 Bg7 8.Nc2 O-O
9.O-O Nd7 10.Bd2 Nc5 11.f3 a5  1/2-1/2

[Event "TCh-AUT 2 Ost 2011-12"]
[Site "Vienna AUT"]
[Date "2011.11.05"]
[Round "3"]
[White "Juhasz,Kr"]
[Black "Sandhu,M"]
[Result "1/2-1/2"]
[WhiteElo "2357"]
[BlackElo "2299"]

1.c4 Nf6 2.Nc3 c5 3.Nf3 b6 4.d4 cxd4 5.Nxd4 Bb7 6.f3 d6 7.e4 e6 8.Be3 Be7
9.Be2 O-O 10.O-O a6 11.Qd2 Nbd7 12.a4 Rc8 13.a5 d5 14.cxd5 exd5 15.exd5 Bb4
16.Nc6 Bxc6 17.dxc6 Rxc6 18.axb6 a5 19.Rfd1 Qb8 20.Bb5 Rxb6 21.Bxd7 Rd6 22.Qf2 Nxd7
23.Ne4 Rxd1+ 24.Rxd1 Ne5 25.Qg3 Ng6 26.Bd4 Qxg3 27.hxg3 Rd8 28.Kf1 f5 29.Nf2 Kf7
30.Ke2  1/2-1/2

[Event "TCh-BEL 2011-12"]
[Site "Belgium BEL"]
[Date "2011.11.06"]
[Round "3.3"]
[White "Beeckmans,F"]
[Black "Chabanon,JL"]
[Result "1/2-1/2"]
[WhiteElo "2309"]
[BlackElo "2481"]

1.c4 Nf6 2.Nc3 c5 3.Nf3 g6 4.d4 Bg7 5.e4 O-O 6.Be2 d6 7.O-O cxd4 8.Nxd4 Nc6
9.Be3 Bd7 10.Nc2 a6 11.f3 Qb8 12.Qd2 Ne5 13.Rac1 b5 14.Nd5 Nxd5 15.cxd5 Nc4
16.Bxc4 bxc4 17.Bd4 Rc8 18.Bxg7 Kxg7 19.Qd4+ f6 20.Ne3 Bb5 21.Rf2 Qa7 22.Qxa7 Rxa7
23.b3 a5 24.Rfc2 a4 25.bxc4 Be8 26.c5 dxc5 27.Rxc5 Rxc5 28.Rxc5 Rb7 29.Rc2 Rb4
30.Kf2 Bb5 31.Rd2 a3 32.Nd1 Bc4 33.Ke3 Rb1 34.Kd4 Bxa2 35.Rxa2 Rxd1+ 36.Ke3 Rb1
37.Rxa3 Rb2 38.Ra7 Kf8 39.d6 exd6 40.Rxh7  1/2-1/2

[Event "TCh-BEL 2011-12"]
[Site "Belgium BEL"]
[Date "2011.11.06"]
[Round "3.7"]
[White "Paci,C"]
[Black "Coenen,N"]
[Result "1-0"]
[WhiteElo "2376"]
[BlackElo "2345"]

1.Nf3 c5 2.c4 Nf6 3.Nc3 d5 4.cxd5 Nxd5 5.g3 Nc6 6.Bg2 Nc7 7.O-O e5 8.d3 Be7
9.Nd2 Bd7 10.a4 Rc8 11.Nc4 f6 12.f4 exf4 13.Bxf4 b6 14.Nd6+ Bxd6 15.Bxd6 Nd4
16.e4 Be6 17.e5 f5 18.Ne2 Nxe2+ 19.Qxe2 Qd7 20.d4 cxd4 21.Rad1 Kf7 22.Qh5+ g6
23.Qh6 d3 24.Rxd3 Bc4 25.Bf8 Bxd3 26.Qg7+ Ke8 27.Bc6  1-0

[Event "1st Novara Open A"]
[Site "Novara ITA"]
[Date "2011.11.06"]
[Round "4"]
[White "Vezzosi,P"]
[Black "Aghayev,M"]
[Result "0-1"]
[WhiteElo "2321"]
[BlackElo "2141"]

1.Nf3 Nf6 2.c4 g6 3.Nc3 c5 4.g3 b6 5.Bg2 Bb7 6.O-O Bg7 7.d4 cxd4 8.Qxd4 O-O
9.Qh4 Qc8 10.Bg5 d6 11.Rac1 Nbd7 12.Bh3 Re8 13.Rfd1 Qd8 14.b3 Rc8 15.Be3 a6
16.g4 h5 17.gxh5 Nxh5 18.Nd5 Nhf6 19.Ng5 Bxd5 20.cxd5 Rxc1 21.Rxc1 Qa8 22.Bxd7 Nxd7
23.Qh7+ Kf8 24.Ne4 Nf6 25.Nxf6 exf6 26.Rc6 Qb7 27.Bh6 Bxh6 28.Qh8+ Ke7 29.Qxh6 b5
30.e3 Rc8 31.Rxc8 Qxc8 32.Qf4 f5 33.e4 fxe4 34.Qxe4+ Kf8 35.Qf4 Qc5 36.Qe4 b4
37.Kg2 a5 38.h4 Qc1 39.Qf3 Qd2 40.Qe4 Qxa2 41.Qf4 Ke7 42.Qe4+ Kf8 43.Qf4 Qxb3
44.Qxd6+ Kg7 45.Qe5+ Kh7 46.d6 Qd1 47.Qe7 Qg4+ 48.Kh2 Qf4+ 49.Kg2 b3 50.d7 b2
51.d8=Q b1=Q 52.Qdd7 Qb3 53.Qe3 Qbxe3 54.fxe3 Qe4+ 55.Kf1 Qf3+  0-1

[Event "Zakopane Open"]
[Site "Zakopane POL"]
[Date "2011.11.07"]
[Round "3"]
[White "Goluch,P"]
[Black "Zmarzly,A"]
[Result "1-0"]
[WhiteElo "2203"]
[BlackElo "2034"]

1.Nf3 Nf6 2.c4 c5 3.Nc3 e6 4.d4 cxd4 5.Nxd4 b6 6.Ndb5 d6 7.Bf4 e5 8.Bg5 Ba6
9.Bxf6 gxf6 10.Qd5 Bxb5 11.Nxb5 a6 12.Qxa8 axb5 13.Qd5 bxc4 14.e4 Be7 15.Bxc4 O-O
16.Bb5 Nd7 17.Bxd7 Qxd7 18.O-O f5 19.exf5 Qxf5 20.a4 Kh8 21.f4 Qh5 22.b4 f6
23.a5 bxa5 24.bxa5 Rg8 25.a6 Qe2 26.Rf2 Qe3 27.a7  1-0

[Event "5th Mediterranean Open"]
[Site "Rijeka CRO"]
[Date "2011.11.11"]
[Round "3.7"]
[White "Saric,A"]
[Black "Solomon,K"]
[Result "1-0"]
[WhiteElo "2497"]
[BlackElo "2426"]

1.c4 Nf6 2.Nc3 c5 3.Nf3 b6 4.d4 cxd4 5.Nxd4 Bb7 6.f3 Nc6 7.e4 Nxd4 8.Qxd4 e6
9.e5 Bc5 10.Qh4 Ng8 11.Qxd8+ Kxd8 12.Nb5 Ke7 13.Bd2 a5 14.Bc3 f6 15.O-O-O Nh6
16.Bd3 Nf7 17.exf6+ gxf6 18.Rhe1 Rac8 19.Kb1 Nd6 20.Nd4 Ba6 21.b3 Ra8 22.Nc2 b5
23.cxb5 Bxb5 24.Ne3 Bxd3+ 25.Rxd3 Bxe3 26.Rexe3 Nb5 27.Bb2 a4 28.Rd5 Nc7
29.Rc5 Ne8 30.b4 Nd6 31.Rd3 Rhg8 32.g4 f5 33.h3 h5 34.Be5 Nf7 35.gxf5 Rg1+
36.Kb2 Rg2+ 37.Ka3 Nxe5 38.Rxe5 Rc8 39.fxe6 dxe6 40.Rde3 Rcc2 41.Rxe6+ Kd7
42.Kxa4 Rxa2+ 43.Kb5 Rg3 44.Re7+ Kd6 45.R7e4 Rd2 46.h4 Rg8 47.Re6+ Kd7 48.Re7+ Kd6
49.R3e6+ Kd5 50.Re5+ Kd6 51.R7e6+ Kd7 52.Rb6 Rd3 53.Rf5 Rh8 54.Rf7+ Kc8 55.Rc6+ Kb8
56.Rcf6  1-0

[Event "FSFMC November"]
[Site "Budapest HUN"]
[Date "2011.11.12"]
[Round "8"]
[White "Bella,Zsolt"]
[Black "Czipp,J"]
[Result "1-0"]
[WhiteElo "1457"]
[BlackElo "1454"]

1.c4 c5 2.Nf3 Nf6 3.Nc3 e6 4.e4 d6 5.d4 cxd4 6.Nb5 Nc6 7.Nbxd4 Nxd4 8.Qxd4 e5
9.Qd3 h6 10.b4 Qb6 11.a3 Qc6 12.Nd2 Be6 13.Bb2 b6 14.h3 Be7 15.Be2 Rd8 16.Rc1 Qb7
17.Qe3 Nh7 18.Qg3 O-O 19.O-O f5 20.exf5 Bxf5 21.Bf3 Qd7 22.Bd5+ Be6 23.Bxe6+ Qxe6
24.Ne4 Rf4 25.Rfe1 Bh4 26.Qe3 Rdf8 27.Re2 Qg6 28.c5 Rf3 29.Qd2 Kh8 30.cxd6 Ng5
31.Nxg5 Bxg5 32.Qc2 R3f5 33.Rd1 Qf7 34.Bxe5 Qd7 35.Bg3 Rc8 36.Qb3 Bf6 37.Rd3 Qb5
38.Qb1 Bg5 39.Re1 Qc4 40.f4 Bf6 41.Rdd1 Bd4+ 42.Rxd4 Qxd4+ 43.Bf2 Qf6 44.d7 Rf8
45.g3 Rd5 46.Re8 Rxd7 47.Qe4 Rf7 48.Bd4 Qd6 49.Re6 Qxe6 50.Qxe6 Kh7 51.Be5 g5
52.h4 gxh4 53.Bd6 Rf6 54.Qe4+ Kg8 55.Bxf8  1-0

[Event "5th Mediterranean Open"]
[Site "Rijeka CRO"]
[Date "2011.11.13"]
[Round "2.15"]
[White "Solomon,K"]
[Black "Orenda,O"]
[Result "1-0"]
[WhiteElo "2426"]
[BlackElo "2167"]

1.Nf3 c5 2.c4 Nf6 3.Nc3 d5 4.cxd5 Nxd5 5.g3 Nc6 6.Bg2 Nc7 7.O-O e5 8.a3 Be6
9.b4 f6 10.bxc5 Bxc5 11.Rb1 O-O 12.Rxb7 Bb6 13.Ng5 fxg5 14.Bxc6 Bh3 15.e3 Bxf1
16.Qxf1 Rc8 17.Ne4 Qe7 18.Bb2 h6 19.Qc4+ Kh8 20.Qc3 Rf5 21.g4 Rf6 22.Nxf6 gxf6
23.Be4 Rd8 24.a4 Qd7 25.Bf5 Qxd2 26.Rxc7 Qd1+ 27.Kg2 Bxc7 28.Qxc7 Qd5+ 29.Kg3 Qg8
30.Ba3 h5 31.Be7  1-0

[Event "5th Mediterranean Open"]
[Site "Rijeka CRO"]
[Date "2011.11.14"]
[Round "4.14"]
[White "Dumpor,A"]
[Black "Orenda,O"]
[Result "1-0"]
[WhiteElo "2373"]
[BlackElo "2167"]

1.c4 c5 2.Nf3 Nf6 3.Nc3 d5 4.cxd5 Nxd5 5.g3 Nc6 6.Bg2 Nc7 7.O-O e5 8.d3 Be7
9.Be3 Be6 10.Qa4 Qd7 11.Rfc1 b6 12.Ng5 Bd5 13.Nxd5 Nxd5 14.Bxd5 Qxd5 15.b4 O-O
16.bxc5 Bxg5 17.Bxg5 Nd4 18.Qd1 bxc5 19.Be7 Rfc8 20.e4 Qd7 21.Bxc5 Ne6 22.Be3 g6
23.Qb3 h5 24.Qd5 Rd8 25.Qxd7 Rxd7 26.Rc3 Rb8 27.Rac1 Kg7 28.Ra3 Rbb7 29.Kg2 Kf6
30.h4 Ke7 31.Rc6 Nd4 32.Rc8 Nb5 33.Bc5+ Kf6 34.Ra6+ Kg7 35.a4 Rdc7 36.Rxc7 Rxc7
37.Be3 Nc3 38.Bxa7 Rd7 39.Bb8 f6 40.a5 Rxd3 41.Rd6 Rd4 42.Rxd4 exd4 43.a6 d3
44.a7 d2 45.a8=Q d1=Q 46.Qb7+  1-0